Movies Quiz

Random Movies or Clickable Quiz

Comedy of the Year Quiz Stats

Quiz not verified by Sporcle

Also try: Wes Craven Movies
Challenge
Share
Tweet
Embed
Score 0/27 Timer 20:00
0 Plays Today
% Correct
1985
84%
1990
76%
2001
68%
1997
64%
1998
64%
1994
62%
1999
62%
2000
62%
1986
60%
2004
58%
1984
56%
1995
54%
2003
54%
1988
50%
% Correct
1989
50%
2005
50%
1996
48%
2011
48%
2006
42%
2002
40%
2007
38%
1987
36%
2009
36%
2010
34%
1993
32%
2008
32%
1992
28%

You're not logged in!

Compare scores with friends on all Sporcle quizzes.
Sign Up with Email
OR
Log In

You Might Also Like...

Show Comments

Extras

Top Quizzes Today


Score Distribution

Your Account Isn't Verified!

In order to create a playlist on Sporcle, you need to verify the email address you used during registration. Go to your Sporcle Settings to finish the process.